On This Day: June 29th II Quiz Stats

 Plays Quiz Updated Jun 29, 2018

Score 0/7 Timer 03:00
0 Plays Today
Question Answer Wrong Answers
This New York financier is sentenced to 150 years in prison for running a Ponzi scheme that defrauded investors of billions of dollars.
2009
Bernard Madoff
89.5%
George Soros
3%
Warren Buffet
3.9%
Martin Shkreli
2.3%
Pope Pius XI issues an encyclical against the fascist policies of this politician known as Il Duce.
1931
Benito Mussolini
88%
Adolf Hitler
5%
Francisco Franco
5.9%
Hideki Tojo
0.7%
This Soviet dancer, choreographer, and actor defects to Canada while on tour in Toronto.
1974
Mikhail Baryshnikov
87%
Garry Kasparov
3.5%
Sergei Eisenstein
2.7%
Aleksandr Solzhenitsyn
5.5%
Several townships, including Hyde Park, vote to join this Midwestern US city, making the city the country’s largest by area and second largest by population at the time.
1889
Chicago
85%
St. Louis
8%
Detroit
4.7%
Milwaukee
2%
This Virginian—known for exclaiming ‘Give me liberty, or give me death!’—is elected governor by the state assembly.
1776
Patrick Henry
81.7%
Thomas Jefferson
9.4%
George Washington
4.7%
James Madison
4.2%
This country, which holds the record for most FIFA World Cup titles, defeats Sweden 5-2 for its first championship.
1958
Brazil
71.3%
Germany
18.6%
Italy
5.5%
England
3.5%
En route to a 56-game hitting streak, this Yankee breaks the previous record of 41 games by George Sisler.
1941
Joe DiMaggio
63.7%
Babe Ruth
24.2%
Mickey Mantle
10.1%
Derek Jeter
1.2%

You're not logged in!

Compare scores with friends on all Sporcle quizzes.
OR
Log In

Sporcle TV

Today on Sporcle TV


Watch our educational content, quiz creation guides, and fun videos on Sporcle TV.

Show Comments

Extras

Top Quizzes Today


Score Distribution

Your Account Isn't Verified!

In order to create a playlist on Sporcle, you need to verify the email address you used during registration. Go to your Sporcle Settings to finish the process.

Report this User

Report this user for behavior that violates our Community Guidelines.

Details: